000 01020nam a2200289 i 4500
003 EG-GICUC
005 20260225121057.0
008 260225s1911 uk ||||fr|||| 001 0 eng d
040 _aEG-GiCUC
_beng
_cEG-GiCUC
_dEG-GiCUC
_erda
082 0 4 _221
_a341.84
_bBE . L
092 0 4 _221
099 _aLaw1 12 341.84 BE . L 1911
100 1 _aBentwich, Norman
_eAuthor.
245 1 4 _aThe Law of Domicile in Its Relation to Succession :
_band the Doctrine of Renvoi (Being the Yorke Prize Essay for 1910) /
_cNorman Bentwich.
264 1 _aLondon :
_bSweet and Maxwell, Limited
_c1911.
300 _a204pages :
_billustrations,
_c24 cm
336 _2rda content
_atext
337 _2rda media
_aComputer
338 _2rda carrier
_aOnline Resource
504 _aIncludes bibliographical references and index.
546 _aText in English
650 1 4 _aPrivate international law
_2
651 1 _2
856 4 0 _uhttps://fll.law.cu.edu.eg/fulltext/bks/B12-02917.pdf
905 _a50
942 _2ddc
_cBK
_e21
_n0
999 _c64204
_d64204